书目信息 |
| 题名: |
市场营销及广告英语
|
|
| 作者: | 戈尔 原著 ;苗苗 , 韩杨 编译 | |
| 分册: | ||
| 出版信息: | 北京 北京大学出版社 2009.04 |
|
| 页数: | 88页 | |
| 开本: | 26cm | |
| 丛书名: | 全国职业技能英语系列教材 | |
| 单 册: | ||
| 中图分类: | H31 | |
| 科图分类: | ||
| 主题词: | 市场营销学--shi chang ying xiao xue--英语--高等学校--技术学校--教材 , 广告学--guang gao xue--英语--高等学校--技术学校--教材 | |
| 电子资源: | ||
| ISBN: | 978-7-301-15126-6 | |
| 000 | 01381nam 2200325 450 | |
| 001 | 012009958576 | |
| 005 | 20091016112423.50 | |
| 010 | @a978-7-301-15126-6@dCNY25.00 (含光盘) | |
| 016 | @aCN-A20-09-0035-0@b光盘 | |
| 100 | @a20091016d2009 em y0chiy0120 ea | |
| 101 | 0 | @achi@aeng |
| 102 | @aCN@b110000 | |
| 105 | @ay z 000yy | |
| 106 | @ar | |
| 200 | 1 | @a市场营销及广告英语@Ashi chang ying xiao ji guang gao ying yu@d= English for marketing and advertising@fSylee Gore原著@FSylee Gore yuan zhu@g苗苗, 韩杨编译@Gmiao miao,han yang bian yi@zeng |
| 210 | @a北京@c北京大学出版社@d2009.04 | |
| 215 | @a88页@d26cm@e光盘1片 | |
| 225 | 2 | @a全国职业技能英语系列教材@Aquan guo zhi ye ji neng ying yu xi lie jiao cai |
| 314 | @a责任者规范汉译姓为: 戈尔 | |
| 330 | @a本书拥有广泛的素材,针对市场营销、广告及企业传播等重要领域;真实的听力录音,展现语境中短语和词汇的用法;真正的广告、市场营销文件及信函等。 | |
| 410 | 0 | @12001 @a全国职业技能英语系列教材 |
| 510 | 1 | @aEnglish for marketing and advertising@zeng |
| 606 | 0 | @a市场营销学@Ashi chang ying xiao xue@x英语@x高等学校@x技术学校@j教材 |
| 606 | 0 | @a广告学@Aguang gao xue@x英语@x高等学校@x技术学校@j教材 |
| 690 | @aH31@v4 | |
| 701 | 1 | @a戈尔@Age er@g(Gore, Sylee)@4原著 |
| 702 | 0 | @a苗苗@Amiao miao@4编译 |
| 702 | 0 | @a韩杨@Ahan yang@4编译 |
| 801 | 0 | @aCN@bQSSK@c20091016 |
| 905 | @b763842-44@dH31@eG232@f3 | |
| 市场营销及广告英语= English for marketing and advertising/Sylee Gore原著/苗苗, 韩杨编译.-北京:北京大学出版社,2009.04 |
| 88页;26cm+光盘1片.-(全国职业技能英语系列教材) |
| ISBN 978-7-301-15126-6:CNY25.00 (含光盘) |
| 本书拥有广泛的素材,针对市场营销、广告及企业传播等重要领域;真实的听力录音,展现语境中短语和词汇的用法;真正的广告、市场营销文件及信函等。 |
| ● |
| 相关链接 |
|
|
|
正题名:市场营销及广告英语
索取号:H31/G232
 
预约/预借
| 序号 | 登录号 | 条形码 | 馆藏地/架位号 | 状态 | 备注 |
| 1 | 763842 | 207638421 | 语言库209/209语言库 81排3列1层/ [索取号:H31/G232] | 在馆 | |
| 2 | 763843 | 207638430 | 语言库209/209语言库 81排3列1层/ [索取号:H31/G232] | 在馆 | |
| 3 | 763844 | 207638449 | 语言库209/209语言库 81排3列1层/ [索取号:H31/G232] | 在馆 |